[Event "Gebze op 5th"]
[Site "Kocaeli"]
[Date "2014.09.20"]
[Round "1"]
[White "Doven, Hakan"]
[Black "Sahin, Ozgun"]
[Result "0-1"]
[WhiteElo "1510"]
[BlackElo "2039"]
[PlyCount "94"]
[EventDate "2014.09.20"]
[EventType "swiss"]
[EventRounds "9"]
[EventCountry "TUR"]
[SourceTitle "CBM 162 Extra"]
[Source "ChessBase"]
[SourceDate "2014.10.17"]
[SourceVersion "1"]
[SourceVersionDate "2014.10.17"]
[SourceQuality "1"]

1. e4 c5 2. Nf3 a6 3. b3 b5 4. Bb2 Bb7 5. d3 d6 6. Nbd2 Nf6 7. e5 dxe5 8. Nxe5 e6 9. Qe2 Bd6 10. 0-0-0 0-0 11. f3 Qc7 12. h4 a5 13. c4 Nc6 14. Nxc6 Bxc6 15. cxb5 Bxb5 16. Nc4 Bf4+ 17. Kb1 a4 18. g3 Bxg3 19. Bh3 Kh8 20. Rdg1 Bxc4 21. dxc4 Rg8 22. h5 h6 23. Qe3 Bf4 24. Qc3 e5 25. Bf5 axb3 26. axb3 Nd7 27. Rd1 Nb8 28. Rh4 Bg5 29. Re4 Bf6 30. f4 Qa7 31. fxe5 Bg5 32. Rg4 Nc6 33. Rxg5 hxg5 34. h6 Nd4 35. hxg7+ Kxg7 36. Bg4 Rh8 37. Qe3 Qa2+ 38. Kc1 Nxb3+ 39. Kc2 Nd4+ 40. Rxd4 cxd4 41. Qxg5+ Kf8 42. Be2 Rb8 43. Qf6 Qxb2+ 44. Kd3 Rb3+ 45. Ke4 Qxe2+ 46. Kxd4 Qe3+ 47. Kd5 Qf3+ 0-1

[Event "TUR-ch"]
[Site "Antalya"]
[Date "2013.02.08"]
[Round "10"]
[White "Sulak, Yusuf"]
[Black "Doven, Hakan"]
[Result "0-1"]
[WhiteElo "1767"]
[BlackElo "1501"]
[PlyCount "68"]
[EventDate "2013.02.02"]
[EventType "swiss"]
[EventRounds "11"]
[EventCountry "TUR"]
[SourceTitle "CBM 152 Extra"]
[Source "ChessBase"]
[SourceDate "2013.02.25"]
[SourceVersion "1"]
[SourceVersionDate "2013.02.25"]
[SourceQuality "1"]

1. e4 d5 2. exd5 Nf6 3. Nf3 Nxd5 4. Nc3 Nxc3 5. bxc3 b6 6. d4 Bb7 7. Bc4 e6 8. Be3 Be7 9. 0-0 0-0 10. Qd2 Nd7 11. Bd3 g6 12. Bh6 Re8 13. Ne5 Nxe5 14. dxe5 Bf8 15. Rfe1 Be7 16. Rad1 c5 17. c4 Qc7 18. Qf4 Rad8 19. h4 Rd4 20. Qe3 Rxh4 21. c3 Qc6 22. f3 Ba6 23. g3 Rh5 24. g4 Rxh6 25. Be4 Qc7 26. Qxh6 Qxe5 27. Qh2 Qxc3 28. Qc7 Bxc4 29. Qxa7 Bh4 30. Qd7 Rf8 31. Rc1 Qe5 32. Red1 Qg3+ 33. Kh1 Be2 34. Rg1 Qh3# 0-1

[Event "TUR-ch"]
[Site "Antalya"]
[Date "2013.02.02"]
[Round "1"]
[White "Ceylan, Metin"]
[Black "Doven, Hakan"]
[Result "1-0"]
[WhiteElo "1915"]
[BlackElo "1501"]
[PlyCount "103"]
[EventDate "2013.02.02"]
[EventType "swiss"]
[EventRounds "11"]
[EventCountry "TUR"]
[SourceTitle "CBM 152 Extra"]
[Source "ChessBase"]
[SourceDate "2013.02.25"]
[SourceVersion "1"]
[SourceVersionDate "2013.02.25"]
[SourceQuality "1"]

1. d4 d5 2. e3 e6 3. Bd3 b6 4. c3 Nf6 5. Nd2 Be7 6. f4 Qd7 7. Ngf3 Nc6 8. Bb5 Bd6 9. Ne5 Bxe5 10. fxe5 Ng8 11. Qg4 g6 12. e4 Bb7 13. 0-0 0-0-0 14. exd5 Qxd5 15. Bc4 Qd7 16. Rxf7 Qe8 17. Bxe6+ Kb8 18. Nf3 h6 19. Be3 Nge7 20. Rf1 Nf5 21. Rxf5 gxf5 22. Bxf5 Rg8 23. Qh3 Ne7 24. Be6 Rg6 25. Nh4 Rg7 26. Bxh6 Qh8 27. Bxg7 Qxg7 28. Qg4 Qh6 29. Rf4 Rh8 30. g3 Qh7 31. Bf5 Nxf5 32. Qxf5 Qg7 33. Qf7 Qg5 34. Qg6 Qd8 35. Qf6 Qe8 36. c4 Qh5 37. Kf2 Qd1 38. Qxh8+ Bc8 39. Nf5 Kb7 40. Ne3 Qd2+ 41. Kf3 Qxb2 42. Rf8 Bd7 43. d5 Qc1 44. e6 Ba4 45. Ra8 Bd1+ 46. Kf4 Ka6 47. Qc8+ Ka5 48. Rxa7+ Kb4 49. Qxc7 Kc3 50. Qe5+ Kb4 51. Qd6+ Kc3 52. Qa3+ 1-0

[Event "TUR-ch op"]
[Site "Antalya"]
[Date "2008.02.08"]
[Round "9.56"]
[White "Doven, Hakan"]
[Black "Erol, Adil Murat"]
[Result "1-0"]
[WhiteElo "1554"]
[BlackElo "1542"]
[PlyCount "69"]
[EventDate "2008.02.04"]
[EventType "swiss"]
[EventRounds "11"]
[EventCountry "TUR"]
[SourceTitle "CBM 122 Extra"]
[Source "ChessBase"]
[SourceDate "2008.03.04"]
[SourceVersion "1"]
[SourceVersionDate "2008.03.04"]
[SourceQuality "1"]

1. e4 e5 2. Nf3 Nc6 3. Bb5 a6 4. Ba4 Nf6 5. Nc3 b5 6. Bb3 Bc5 7. d3 d6 8. h3 h6 9. Be3 Nd4 10. Bxd4 Bxd4 11. Nxd4 exd4 12. Ne2 c5 13. 0-0 Be6 14. c3 dxc3 15. Nxc3 g5 16. Re1 b4 17. Nd5 Bxd5 18. exd5+ Kf8 19. Qf3 Kg7 20. Re2 Re8 21. Rae1 Qd7 22. Re3 a5 23. Qd1 a4 24. Bc4 a3 25. bxa3 Rxa3 26. Rxe8 Nxe8 27. d4 Rc3 28. Qe2 Nf6 29. dxc5 dxc5 30. Rd1 Qd6 31. Bb3 Nd7 32. Qb2 c4 33. Bxc4 Ne5 34. Bb3 Nd3 35. Rxd3 1-0

[Event "TUR-ch op"]
[Site "Antalya"]
[Date "2008.02.07"]
[Round "6.56"]
[White "Vurganer, Atilla"]
[Black "Doven, Hakan"]
[Result "1/2-1/2"]
[WhiteElo "1597"]
[BlackElo "1554"]
[PlyCount "159"]
[EventDate "2008.02.04"]
[EventType "swiss"]
[EventRounds "11"]
[EventCountry "TUR"]
[SourceTitle "CBM 122 Extra"]
[Source "ChessBase"]
[SourceDate "2008.03.04"]
[SourceVersion "1"]
[SourceVersionDate "2008.03.04"]
[SourceQuality "1"]

1. c4 c6 2. Nc3 e6 3. d4 d5 4. e3 Nf6 5. Nf3 Be7 6. Bd3 b6 7. e4 dxc4 8. Bxc4 0-0 9. 0-0 Ba6 10. Bxa6 Nxa6 11. Be3 Ng4 12. Bf4 Qd7 13. Qa4 Qb7 14. Rad1 b5 15. Qb3 Nc7 16. d5 exd5 17. exd5 Nxd5 18. Nxd5 cxd5 19. Rxd5 a6 20. Rfd1 Nf6 21. R5d3 Bc5 22. Be3 Bxe3 23. Rxe3 Rad8 24. Red3 Rxd3 25. Qxd3 Qa8 26. h3 h6 27. Qd6 Re8 28. Qb6 Nd5 29. Qc5 Nf4 30. Qf5 Qe4 31. Qxe4 Rxe4 32. Rd8+ Kh7 33. Rd2 Ne6 34. Kf1 Kg6 35. g3 Kf6 36. Ng1 Ke7 37. Ne2 Ng5 38. Kg2 Ne6 39. Nc3 Rd4 40. Re2 Kd6 41. Rc2 Kd7 42. Ne2 Rd6 43. Kf3 g6 44. h4 f5 45. Ke3 Nc7 46. Nc3 Ke6 47. a3 Rc6 48. Rd2 Rd6 49. Rc2 Rc6 50. Rd2 Ke5 51. Rd7 a5 52. Re7+ Kf6 53. Rd7 b4 54. axb4 axb4 55. Ne2 Ne6 56. Rb7 Nc7 57. Nf4 Rc4 58. Rb6+ Kf7 59. Kd3 Re4 60. Rb7 Re7 61. Rxb4 Rd7+ 62. Rd4 Re7 63. Rd6 g5 64. hxg5 hxg5 65. Nd5 Nxd5 66. Rxd5 Ke6 67. Rc5 Rd7+ 68. Kc2 Rh7 69. Kd3 Rh2 70. Rc2 Rh3 71. Kd4 Rh2 72. b4 f4 73. gxf4 Rh4 74. b5 Rxf4+ 75. Kc5 Kd7 76. Rb2 Kc7 77. Rd2 Rf5+ 78. Kc4 Rf4+ 79. Kb3 Kb6 80. Kc3 1/2-1/2